LIBRARY & INFORMATION CENTRE, KCAET, TAVANUR

ONLINE PUBLIC ACCESS CATALOGUE (OPAC)

Mastering CAD/CAM (Record no. 14141)

MARC details
000 -LEADER
fixed length control field 00355nam a22001457a 4500
003 - CONTROL NUMBER IDENTIFIER
control field OSt
008 - FIXED-LENGTH DATA ELEMENTS--GENERAL INFORMATION
fixed length control field 220901b |||||||| |||| 00| 0 eng d
020 ## - INTERNATIONAL STANDARD BOOK NUMBER
ISBN 9780070634343
082 ## - DEWEY DECIMAL CLASSIFICATION NUMBER
Classification number 005.369
Item number IBR/MA
100 ## - MAIN ENTRY--AUTHOR NAME
Personal name Ibrahim Zead
245 ## - TITLE STATEMENT
Title Mastering CAD/CAM
260 ## - PUBLICATION, DISTRIBUTION, ETC. (IMPRINT)
Place of publication New Delhi
Name of publisher Tata McGraw Hill Education
Year of publication 2012
300 ## - PHYSICAL DESCRIPTION
Number of Pages 932
942 ## - ADDED ENTRY ELEMENTS (KOHA)
Koha item type Books
Holdings
Withdrawn status Lost status Damaged status Collection code Home library Current library Date acquired Full call number Accession Number Koha item type
      General Books KAUAET KAUAET 05/02/2021 005.369 IBR/MA67 24080 Books
free website counter